| 000 | 00537cam a2200193 a 4500 | ||
|---|---|---|---|
| 020 | _a0072512644 (hc : alk. paper) | ||
| 040 | _cDLC | ||
| 082 | 0 | 0 | _a540 MCG 2005 A059 Or. |
| 100 | 1 | _aChang, Raymond. | |
| 245 | 1 | 0 | _aChemistry / |
| 250 | _a8th ed. | ||
| 260 |
_aBoston : _bMcGraw-Hill, _cc2005. |
||
| 300 |
_a1 v. (various pagings) : _bcol. ill. ; _c27 cm. |
||
| 500 | _aIncludes index. | ||
| 650 | 0 | _aChemistry. | |
| 700 | 1 | _aCruickshank, Brandon. | |
| 856 | 4 | 1 | _uhttp://www.loc.gov/catdir/toc/ecip049/2003020673.html |
| 942 | _cEK | ||
| 999 |
_c14169 _d14169 |
||